Eurovision Song Contest Participants (2000-2020) #3 - Statistics

General Stats
  • This quiz has been taken 11 times
  • The average score is 17 of 46
Answer Stats
Hint Answer % Correct
Slovenia 2020 Ana Soklič
67%
United Kingdom 2013 Bonnie Tyler
67%
Sweden 2006 (also 1983 & 1991) Carola
67%
Australia 2016 Dami Im
67%
Russia 2006, 2008 Dima Bilan
67%
Azerbaijan 2011 Ell & Nikki
67%
Poland 2003, 2006 Ich Troje
67%
Belgium 2006 Kate Ryan
67%
Czech Republic 2019 Lake Malawi
67%
Turkey 2010 maNga
67%
Cyprus 2016 Minus One
67%
Romania 2010, 2014 Paula Seling and Ovi
67%
Ukraine 2004 Ruslana
67%
Spain 2014 Ruth Lorenzo
67%
Greece 2004 Sakis Rouvas
67%
Moldova 2010, 2017 SunStroke Project
67%
Lithuania 2020 The Roop
67%
Georgia 2020 Tornike Kipiani
67%
San Marino 2012, 2013, 2014 (also 2017) Valentina Monetta
67%
France 2012 Anggun
33%
Armenia 2020 Athena Manoukian
33%
Portugal 2018 Cláudia Pascoal
33%
Bosnia & Herzegovina 2011 Dino Merlin
33%
Bulgaria 2018 Equinox
33%
Croatia 2017 Jacques Houdek
33%
Albania 2019 Jonida Maliqi
33%
Israel 2015 Nadav Guedj
33%
Serbia 2019 Nevena Božović
33%
Ireland 2016 Nicky Byrne
33%
Denmark 2018 Rasmussen
33%
Switzerland 2014 Sebalter
33%
Netherlands 2014 The Common Linnets
33%
Estonia 2009 Urban Symphony
33%
Austria 2003 Alf Poier
0%
Hungary 2013 ByeAlex
0%
Norway 2014 Carl Espen
0%
North Macedonia 2006 Elena Risteska
0%
Malta 2013 Gianluca Bezzina
0%
Andorra 2004 Marta Roure
0%
Germany 2004 Max
0%
Belarus 2017 Naviband
0%
Finland 2017 Norma John
0%
Italy 2011 Raphael Gualazzi
0%
Iceland 2006 Silvía Night
0%
Montenegro 2017 Slavko Kalezić
0%
Latvia 2005 Walters and Kazha
0%
No matching quizzes found
Score Distribution
Percent of People with Each Score
Percentile by Number Answered
Your Score History
You have not taken this quiz